| 000 | 00700nam a2200241Ia 4500 | ||
|---|---|---|---|
| 003 | OSt | ||
| 005 | 20220925191048.0 | ||
| 006 | a|||||r|||| 00| 0 | ||
| 007 | ta | ||
| 008 | 220923b |||||||| |||| 00| 0 eng d | ||
| 037 | _cGeneral Book | ||
| 040 |
_aRTL _cRTL _beng |
||
| 041 |
_2eng _aeng |
||
| 082 | _aV21.D, K9 | ||
| 100 |
_aMahalingam T V _939988 |
||
| 245 | 0 | _aKancipuram in early South Indian History | |
| 260 |
_aBombay _bAsia Publishing House India _c1969 |
||
| 300 |
_aviii,243p _ccm. |
||
| 500 | _aBibliography: p 231-234; Index:P.235-243 | ||
| 650 |
_aHistory Tamil Nadu _9235554 |
||
| 942 |
_hV21.D, K9 _cGB _2CC |
||
| 999 |
_c517106 _d517106 |
||